000 00745nam a2200217 a 4500
001 517065
008 120620s1996 ||||||||||||||||| || u
010 _a86021478
020 _a0470207051 (Wiley)
050 _aTJ 778 Coh
100 _aRogers, G. F. C
245 1 0 _aGas turbine theory. -- 4th ed.
_cby H. Cohen; G.F.C. Rogers; H.I.H. Saravanamuttoo
250 _a4th ed.
260 _aEssex, England:
_bAddison-Wesley Longman
_c1996
300 _axii, 442p.: ill.
350 _a0.00
650 _aGAS--TURBINES
700 _aSaravanamuttoo, H. I. H
700 _aCohen, H
995 _FCBU-MAIN LIBRARY (Kitwe)
_I0.00
_M1
_UAVAILABLE
_WJun 20, 2012
_ZMain Library Open Access Collection
999 _c44312
_d44312